Profiles of Indian government and politics (Record no. 515317)

000 -LEADER
fixed length control field 00262nam a22000977a 4500
082 ## - DEWEY DECIMAL CLASSIFICATION NUMBER
Classification number TNC B2 In2
100 ## - MAIN ENTRY--PERSONAL NAME
Personal name Inamdar, N. R.
9 (RLIN) 20682
245 ## - TITLE STATEMENT
Title Profiles of Indian government and politics
Statement of responsibility, etc by Inamdar, N. R.
260 ## - PUBLICATION, DISTRIBUTION, ETC. (IMPRINT)
Place of publication, distribution, etc Poona
Name of publisher, distributor, etc Vishwanil
Date of publication, distribution, etc 1989
300 ## - PHYSICAL DESCRIPTION
Extent 351p.
Holdings
Withdrawn status Lost status Source of classification or shelving scheme Damaged status Koha normalized classification for sorting Not for loan Permanent location Current location Date acquired Full call number Barcode Date last seen Price effective from Koha item type
        TNC_B2_IN2   Indian Institute of Public Administration Indian Institute of Public Administration 2021-01-21 TNC B2 In2 GR22486 2021-01-21 2021-01-21 GR

Powered by Koha